[Event "45th Olympiad 2024"]
[Site "Budapest HUN"]
[Date "2024.09.14"]
[Round "4.66"]
[Board "4"]
[White "Shiferaw, Yalemzewde Mekonnen"]
[Black "Pillay, Harish"]
[Result "1-0"]
[WhiteElo "2025"]
[BlackElo "1561"]
[PlyCount "81"]
[EventDate "2024.09.11"]
[WhiteTeam "Ethiopia"]
[BlackTeam "Seychelles"]
[WhiteTeamCountry "ETH"]
[BlackTeamCountry "SEY"]

1. c4 e5 2. g3 Nf6 3. Bg2 Nc6 4. Nc3 Be7 5. Nf3 O-O 6. O-O d6 7. d4 Bf5 ({RR} 7... a5 8. h3 Bf5 9. Be3 h6 10. Rc1 Re8 11. d5 Nb4 12. Nd2 b6 13. Kh2 Na6 14. a3 Bd7 15. b3 Nc5 16. b4 Nb7 17. Qb3 Nh7 18. Nf3 Kh8 19. Bd2 f5 20. e4 Rf8 21. exf5 Bxf5 22. Be3 {½-½ Jumabayev,R (2654)-Demchenko,A (2641) PNWCC Online blitz JP 12th 2020 (4)}) 8. b3 Qc8 $146 ({RR} 8... Ne4 9. Bb2 Bf6 10. Nd5 exd4 11. Nxf6+ Qxf6 12. Nxd4 Nxd4 13. Bxd4 Qg6 14. Bb2 Rad8 15. Qd4 c5 16. Qd5 Rfe8 17. Qxb7 Rd7 18. Qc6 h5 19. Bxe4 Rxe4 20. Rae1 Rde7 21. f3 Rxe2 22. Rxe2 Rxe2 23. Rf2 {0-1 Seppa,J-Visti,H (2027) FIN-chT1A 0910 2009 (1.7)}) ({RR} 8... Re8 9. Bb2 h6 10. h3 Bh7 11. e3 e4 12. Nd2 Bf8 13. Qb1 Qe7 14. a3 a5 15. Qc2 Rac8 16. d5 Nb8 17. b4 Nbd7 18. Rfd1 c6 19. dxc6 bxc6 20. Qb3 Rb8 21. b5 Nc5 22. Qc2 Nd3 23. Rab1 {1-0 Kurtz,E (2042)-Przybylski,W (2321) Titled Tue 21st Mar Late 2023 (5)}) ({RR} 8... Ne4 9. Nd5 Nf6 10. Bb2 Nxd5 11. cxd5 Nxd4 12. Nxd4 exd4 13. Bxd4 Qd7 14. Rc1 Rfc8 15. Re1 a5 16. Qd2 Bf8 17. Rc3 c5 18. dxc6 bxc6 19. Rec1 d5 20. Bc5 Bd6 21. Bxd6 Qxd6 22. e4 Be6 23. exd5 {1-0 Dubov,D (2648)-Pridorozhni,A (2579) RUS-ch blitz 2016 (14.3)}) 9. Re1 Bh3 10. Bh1 h6 11. Bb2 Re8 12. Nd5 e4 13. Nd2 Bd8 14. Nxf6+ Bxf6 15. Nxe4 Qf5 16. Nxf6+ Qxf6 17. Qd2 Qg6 18. b4 Rab8 19. e4 f5 20. b5 Ne7 21. e5 dxe5 22. Rxe5 Kh8 23. Rae1 Ng8 24. Rxe8 Rxe8 25. Bxb7 Rxe1+ 26. Qxe1 f4 27. Bg2 Bxg2 28. Kxg2 fxg3 29. hxg3 Qc2 30. Qc3 Qe4+ 31. Qf3 Qc2 32. Bc3 Qxa2 33. Qd3 Qa3 34. d5 Nf6 35. Qf3 Qe7 36. Bd4 Qe4 37. Bxf6 Qxf3+ 38. Kxf3 gxf6 39. c5 Kg7 40. d6 cxd6 41. b6 1-0

[Event "45th Olympiad 2024"]
[Site "Budapest HUN"]
[Date "2024.09.14"]
[Round "4.67"]
[Board "1"]
[White "Gontcharov, Serguei"]
[Black "Ferster, Fabian"]
[Result "0-1"]
[WhiteElo "1927"]
[BlackElo "2184"]
[PlyCount "102"]
[EventDate "2024.09.11"]
[WhiteTeam "Bermuda"]
[BlackTeam "Liechtenstein"]
[WhiteTeamCountry "BER"]
[BlackTeamCountry "LIE"]

1. e4 c5 2. Nf3 Nc6 3. d4 cxd4 4. Nxd4 Nf6 5. Nc3 e5 6. Ndb5 d6 7. Bg5 a6 8. Na3 b5 9. Nd5 Be7 10. Bxf6 Bxf6 11. c3 Ne7 12. Nc2 Nxd5 13. Qxd5 Be6 ({RR} 13... Ra7 14. Nb4 Bb7 15. Qd3 Qa8 16. f3 O-O 17. O-O-O a5 18. Nd5 Bg5+ 19. Kc2 b4 20. Nb6 Qe8 21. Qxd6 Bc6 22. cxb4 axb4 23. Bc4 Be3 24. Nd5 Bd4 25. Kb1 Ba4 26. b3 Bd7 27. Nxb4 Rb7 28. Nc2 {½-½ Savchenko,B (2607)-Paravyan,D (2528) Moscow-ch rapid 2016 (5)}) 14. Qd1 ({RR} 14. Qd2 d5 15. exd5 Qxd5 16. Qxd5 Bxd5 17. Ne3 Be6 18. a4 bxa4 19. Rxa4 a5 20. Bb5+ Ke7 21. O-O Rhd8 22. Rfa1 Rd2 23. b4 e4 24. R4a3 Rb8 25. Rxa5 Bxc3 26. Rb1 f5 27. Bc4 f4 28. Ra7+ Rd7 {½-½ Bellahcene,S (2000)-Schippke,M (2197) Trophee Roza Lallemand 2024 (5.4)}) 14... d5 15. a4 $146 ({RR} 15. exd5 Bxd5 16. Ne3 Bb7 17. Be2 O-O 18. O-O Bg5 19. Nf5 g6 20. Nd6 Bc6 21. Bf3 Bxf3 22. gxf3 Bf4 23. Ne4 Qh4 24. Ng3 h5 25. Kg2 Qg5 26. Kh3 Rad8 27. Qb3 Rd3 28. Rad1 Rxf3 29. Qd5 Qg4+ {0-1 Steel,H-Fernandez,V Internet Section 09A g/8'+2" blitz 2004 (4)}) ({RR} 15. Bd3 O-O 16. O-O Be7 17. Qh5 Qd6 18. Rfe1 g6 19. Qe2 d4 20. cxd4 exd4 21. e5 Qb6 22. f4 Rac8 23. Kh1 Rfd8 24. Red1 Bc4 25. Ne1 f6 26. b3 Be6 27. Be4 fxe5 28. fxe5 Bg5 29. Nd3 Be3 {½-½ Kovacs,B (2336)-Farkas,Z (2196) HUN-chT2 Szechenyi 0809 2008 (11.3)}) 15... O-O 16. Bd3 bxa4 17. O-O dxe4 18. Bxe4 Qxd1 19. Rfxd1 Rab8 20. Rxa4 Rxb2 21. Na1 Rd8 22. Rxd8+ Bxd8 23. Rxa6 Re2 24. f3 Kf8 25. Nc2 Bc4 26. Rc6 Bb5 27. Rc8 Ke7 28. Rb8 Bc4 29. Nb4 Bc7 30. Rb7 Kd6 31. h4 g6 32. Bd3 Bxd3 33. Nxd3 Re3 34. Nf2 Re1+ 35. Kh2 Kc6 36. Rb3 e4+ 37. Kh3 e3 38. Nd3 Rh1+ 39. Kg4 f6 40. f4 e2 41. Nb4+ Kd7 42. Nd3 Rd1 43. Kf3 Rxd3+ 44. Kxe2 Rg3 45. Kf2 Bxf4 46. Rb7+ Ke6 47. Rxh7 Rxc3 48. h5 g5 49. h6 g4 50. Rg7 g3+ 51. Ke2 Bxh6 0-1

[Event "45th Olympiad 2024"]
[Site "Budapest HUN"]
[Date "2024.09.14"]
[Round "4.67"]
[Board "2"]
[White "Krieger, Markus"]
[Black "Lill, Sami"]
[Result "1-0"]
[WhiteElo "2153"]
[BlackElo "1902"]
[PlyCount "59"]
[EventDate "2024.09.11"]
[WhiteTeam "Liechtenstein"]
[BlackTeam "Bermuda"]
[WhiteTeamCountry "LIE"]
[BlackTeamCountry "BER"]

1. e4 e5 2. Nf3 Nc6 3. Bc4 Nf6 4. d3 Be7 5. O-O O-O 6. Nbd2 d6 7. a4 Be6 8. Re1 a5 9. c3 ({RR} 9. h3 h6 10. c3 Bxc4 11. Nxc4 Re8 12. Qb3 Qd7 13. Bd2 Bf8 14. Rad1 b6 15. Qb5 Ne7 16. Ne3 Rad8 17. c4 Ng6 18. Nd5 Nh7 19. Qxd7 Rxd7 20. b4 axb4 21. Bxb4 Ne7 22. a5 bxa5 23. Bxa5 c6 {½-½ Safarli,E (2614)-Grischuk,A (2732) Chessable Masters Div 3 W 2024 (4.5)}) 9... Re8 $146 ({RR} 9... Nd7 10. Nf1 Bxc4 11. dxc4 f5 12. exf5 Rxf5 13. Ne3 Rf8 14. Nd5 Nc5 15. Be3 Ne6 16. Nd2 Ng5 17. Qg4 Nf7 18. Ne4 Qc8 19. Qg3 Qf5 20. f3 Bd8 21. Rad1 Kh8 22. c5 Ne7 23. cxd6 cxd6 24. Nxe7 {1-0 Avdeenko,T (2194)-Sakhina,M (1911) Sibiria Region-ch (Women) 2008 (1)}) ({RR} 9... Nd7 10. d4 Bxc4 11. Nxc4 h6 12. Qb3 b6 13. Ne3 Bg5 14. Nf5 Bxc1 15. Raxc1 Ne7 16. dxe5 Nxe5 17. Nxe5 dxe5 18. Rcd1 Qe8 19. h3 Kh7 20. Qc4 Rd8 21. Qxc7 Rxd1 22. Rxd1 Nxf5 23. exf5 Qxa4 24. Re1 {1-0 Vaculik,M (2260)-Bujak,M (2155) CZE-chT2b 0506 2005 (2)}) 10. Bb5 Bd7 11. Nf1 Qc8 12. Ng3 Na7 13. Bxd7 Qxd7 14. Nf5 Bf8 15. Bg5 Nd5 16. Nxg7 Bxg7 17. exd5 b5 18. axb5 Qxb5 19. c4 Qxb2 20. Rxa5 c6 21. Qa4 Qb6 22. Be3 c5 23. Nd2 Reb8 24. g3 e4 25. Ra6 Qb7 26. Nxe4 Nc8 27. Qe8+ Bf8 28. Nf6+ Kg7 29. Nh5+ Kg8 30. Qxf8+ 1-0

[Event "45th Olympiad 2024"]
[Site "Budapest HUN"]
[Date "2024.09.14"]
[Round "4.67"]
[Board "3"]
[White "Gontcharov, Dimitri"]
[Black "Heron, Andrew"]
[Result "0-1"]
[WhiteElo "1653"]
[BlackElo "2026"]
[PlyCount "70"]
[EventDate "2024.09.11"]
[WhiteTeam "Bermuda"]
[BlackTeam "Liechtenstein"]
[WhiteTeamCountry "BER"]
[BlackTeamCountry "LIE"]

1. e4 c5 2. Nf3 d6 3. Nc3 Nf6 4. e5 dxe5 5. Nxe5 e6 6. Bb5+ Nbd7 7. d4 Bd6 ({RR} 7... cxd4 8. Qxd4 a6 9. Bxd7+ Nxd7 10. Be3 Qf6 11. f4 Bc5 12. Qd2 Bxe3 13. Qxe3 Nxe5 14. fxe5 Qh4+ 15. g3 Qh5 16. Qc5 f6 17. Ne4 Qxe5 18. Qxe5 fxe5 19. O-O-O Ke7 20. Rhf1 b5 21. Ng5 h6 22. Nf7 {½-½ Ljubojevic,L (2635)-Kasparov,G (2775) Interpolis Tilburg 1989 (2)}) 8. Nc4 Be7 9. dxc5 Bxc5 $146 ({RR} 9... O-O 10. c6 bxc6 11. Bxc6 Rb8 12. Bf3 Ba6 13. Be2 Nc5 14. Qxd8 Rfxd8 15. Bf4 Rb4 16. b3 Nd5 17. Bd2 Rbb8 18. O-O-O Nxc3 19. Bxc3 Ne4 20. Be5 Rbc8 21. f3 Bxc4 22. Bxc4 Ba3+ 23. Bb2 Bxb2+ 24. Kxb2 {1-0 Korpics,Z (2300)-Vingris,M (2170) Titled Tue 3rd Sep Early 2024 (9)}) 10. Nd6+ Bxd6 11. Qxd6 a6 12. Be2 Qb6 13. Qg3 h5 14. h3 h4 15. Qe3 Qxe3 16. Bxe3 Ne5 17. Bd4 Nc6 18. Bxf6 gxf6 19. O-O-O Bd7 20. Ne4 Ke7 21. Nc5 Bc8 22. Bf3 Rb8 23. Nxa6 Ra8 24. Nc7 Rxa2 25. Kb1 Ra5 26. Rhe1 Ne5 27. Be2 Bd7 28. b4 Ra4 29. Rd4 Nc6 30. Rf4 Rc8 31. Nd5+ exd5 32. Bb5+ Ne5 33. Bxa4 Bxa4 34. Rxh4 Bxc2+ 35. Kb2 Kd6 0-1

[Event "45th Olympiad 2024"]
[Site "Budapest HUN"]
[Date "2024.09.14"]
[Round "4.67"]
[Board "4"]
[White "Schadler, Martin"]
[Black "Dennis, Nathan"]
[Result "1-0"]
[WhiteElo "1891"]
[BlackElo "1828"]
[PlyCount "79"]
[EventDate "2024.09.11"]
[WhiteTeam "Liechtenstein"]
[BlackTeam "Bermuda"]
[WhiteTeamCountry "LIE"]
[BlackTeamCountry "BER"]

1. d4 d5 2. c4 dxc4 3. e3 Nf6 4. Bxc4 e6 5. Nf3 a6 6. O-O c5 7. dxc5 Qxd1 8. Rxd1 Bxc5 9. a3 b5 10. Be2 Bb7 11. b4 Be7 12. Bb2 O-O ({RR} 12... Nbd7 13. Bd4 O-O 14. Nbd2 Bd5 {½-½ Drasko,M (2500)-Damljanovic,B (2560) Cacak 1991 (10)}) 13. Nbd2 Rc8 ({RR} 13... Nbd7 14. Nb3 Rac8 15. Na5 Be4 16. Rac1 h6 17. Nd4 Rfe8 18. Ndc6 Bf8 19. f3 Bxc6 20. Nxc6 Nb6 21. e4 Nc4 22. Bxc4 Rxc6 23. Bb3 Rxc1 24. Rxc1 Ra8 25. Bd4 Ne8 26. Kf2 Nd6 27. Rc6 a5 28. Bc5 {1-0 Bilan,D (2303)-Vifleemskaia,S (1903) Titled Tue 29th Aug Early 2023 (10)}) 14. Nd4 $146 ({RR} 14. Rac1 Nbd7 15. Ne5 Nxe5 16. Bxe5 Rxc1 17. Rxc1 Rc8 18. Rxc8+ Bxc8 19. Bf3 Nd7 20. Bd4 f6 21. Kf1 e5 22. Bb2 Nb6 23. Ke2 Kf7 24. Nb3 Nc4 25. Bc1 f5 26. Bd5+ Be6 27. Bxe6+ Kxe6 28. f3 Kd5 {½-½ Thalmann,F (1887)-Pientka,R (1739) Ruhrgebiet VL2 0708 2007 (8.7)}) 14... Nbd7 15. Rac1 Nb6 16. Bf3 Bd5 17. Nc6 Bf8 18. Nd4 Bxf3 19. gxf3 Nfd5 20. Ne2 Na4 21. Bd4 a5 22. e4 Ndb6 23. bxa5 Nd7 24. Bb6 Ndxb6 25. axb6 Rxc1 26. Rxc1 Nxb6 27. Nd4 Nc4 28. Nxc4 bxc4 29. Rxc4 Rxa3 30. Rc8 g6 31. Kg2 Kg7 32. Rc2 Be7 33. Rc7 Bf6 34. Nxe6+ Kh6 35. Rxf7 Bb2 36. Rf4 g5 37. Rf5 Bc1 38. Rf6+ Kh5 39. Ng7+ Kh4 40. Rh6# 1-0

[Event "45th Olympiad 2024"]
[Site "Budapest HUN"]
[Date "2024.09.14"]
[Round "4.68"]
[Board "1"]
[White "Almedina Ortiz, Edgardo J."]
[Black "Than, Min Hlaing"]
[Result "1-0"]
[WhiteElo "2196"]
[BlackElo "2121"]
[PlyCount "65"]
[EventDate "2024.09.11"]
[WhiteTeam "Puerto Rico"]
[BlackTeam "Myanmar"]
[WhiteTeamCountry "PUR"]
[BlackTeamCountry "MYA"]

1. e4 c5 2. Nf3 d6 3. d4 cxd4 4. Nxd4 Nf6 5. Nc3 a6 6. Be3 e5 7. Nb3 Be7 8. f3 O-O 9. Qd2 Be6 10. O-O-O Nbd7 11. g4 b5 12. Rg1 Nb6 13. g5 Nfd7 ({RR} 13... Nh5 14. Na5 Rc8 15. Nd5 Nxd5 16. exd5 Bxd5 17. Qxd5 Qxa5 18. Bd3 g6 19. h4 Rfe8 20. Rg4 Bf8 21. Qb3 d5 22. Qxd5 Red8 23. Qb3 Bc5 24. Bd2 Qc7 25. Re4 Ng3 26. Rg4 Nh5 27. Re4 Bf2 28. Kb1 {½-½ Castellanos Rodriguez,R (2467)-Karthik,V (2609) III Menorca Open 2024 (4.15)}) 14. Na5 ({RR} 14. Nd5 Bxd5 15. exd5 Rc8 16. Qe1 Qc7 17. Rg2 Nc4 18. Bxc4 bxc4 19. Na5 c3 20. Qxc3 Qxc3 21. bxc3 Rxc3 22. Kd2 Ra3 23. Nc6 Bd8 24. Rb1 Ba5+ 25. Ke2 Rxa2 26. Rb7 Nc5 27. Nxa5 Nxb7 28. Nxb7 Rb8 {0-1 Morozevich,A (2721)-Vallejo Pons,F (2650) Amber-rapid 15th 2006 (4)}) 14... b4 $146 ({RR} 14... Qc7 15. Nd5 Bxd5 16. exd5 Rfc8 17. Kb1 Nxd5 18. Qxd5 Qxa5 19. Bc4 Rf8 20. Bb3 g6 21. h4 Qc7 22. h5 Nc5 23. hxg6 hxg6 24. Rh1 Kg7 25. Rh6 Ne6 26. f4 Rh8 27. Rdh1 Rag8 28. Rh7+ {1-0 Pruijssers,R (2462)-Wahedi,A (2295) Vlissingen HZ op 14th 2010 (7)}) ({RR} 14... Qc7 15. Nd5 Bxd5 16. exd5 Nxd5 17. Qxd5 Qxa5 18. Bd3 Qc7 19. g6 Nf6 20. gxf7+ Kh8 21. Rxg7 Rac8 22. Rdg1 Qd7 23. Bh6 {1-0 Guerra Mojena,L (2252)-Forgas Moreno,Y (2084) Moncada op 6th 2009 (4)}) 15. Nd5 Nxd5 16. exd5 Qxa5 17. dxe6 fxe6 18. Kb1 g6 19. Bh3 Kf7 20. Qg2 Rfd8 21. Bxe6+ Kg7 22. Qh3 Nc5 23. Bd5 Ra7 24. Rg4 Bf8 25. Rf4 Kh8 26. Rf6 Rg7 27. f4 Nd7 28. f5 gxf5 29. Rxf5 Qb5 30. Bf7 Qe2 31. Rg1 Rc8 32. Rf2 Qb5 33. g6 1-0

[Event "45th Olympiad 2024"]
[Site "Budapest HUN"]
[Date "2024.09.14"]
[Round "4.68"]
[Board "2"]
[White "Kyaw Zay Ya"]
[Black "Zilleruelo Irizarry, Diego"]
[Result "1/2-1/2"]
[WhiteElo "1818"]
[BlackElo "2041"]
[PlyCount "91"]
[EventDate "2024.09.11"]
[WhiteTeam "Myanmar"]
[BlackTeam "Puerto Rico"]
[WhiteTeamCountry "MYA"]
[BlackTeamCountry "PUR"]

1. e4 c6 2. d4 d5 3. Nc3 dxe4 4. Nxe4 Nf6 5. Nxf6+ exf6 6. Nf3 Bd6 7. Bd3 O-O 8. Be3 Nd7 9. Qd2 Re8 10. O-O-O b5 11. d5 ({RR} 11. Bf4 Nb6 12. Rhe1 Be6 13. Kb1 Bxf4 14. Qxf4 Qd5 15. b3 Qd7 16. Qh4 h6 17. Qe4 g6 18. Qh4 Kg7 19. Be4 a5 20. d5 Bxd5 21. Bxd5 Nxd5 22. Qd4 b4 23. Kb2 a4 24. Rxe8 Qxe8 25. Re1 Qd8 {0-1 Jaskolka,T (2241)-Yuan,Q (2360) Titled Tue 20th Feb Early 2024 (11)}) 11... c5 12. Bxb5 Rb8 13. c4 $146 ({RR} 13. Bd3 Nb6 14. c4 Qc7 15. Qc2 h6 16. h3 Bd7 17. Rhe1 Qb7 18. Bd2 Rec8 19. Re2 Na4 20. b3 Nb6 21. Nh4 Ra8 22. Bf5 a5 23. Bxd7 Qxd7 24. a4 Rcb8 25. Nf5 Nc8 26. Rde1 Nb6 27. Nxd6 Qxd6 {0-1 Wafa,S (2141)-Heredia Serrano,C (2090) Olympiad Women-44 2022 (7.1)}) ({RR} 13. Bd3 Qb6 14. b3 Qc7 15. c4 a5 16. Qc2 a4 17. Bxh7+ Kh8 18. Bd3 axb3 19. axb3 Qa5 20. Kb2 Ne5 21. Bd2 Qb6 22. Nxe5 fxe5 23. Rhe1 f5 24. f3 Bd7 25. Ra1 e4 26. fxe4 fxe4 27. Rxe4 Rxe4 {1-0 Lewicki,M (2321)-Katsanis,V (2133) 34th Cracovia Open A 2023 (1.33)}) 13... Re7 14. Rhe1 a6 15. Bc6 Nb6 16. b3 Bf5 17. Qa5 Qf8 18. Nd2 g5 19. f3 Nd7 20. Bxd7 Rxd7 21. Bg1 Qc8 22. Ne4 Bxe4 23. Rxe4 f5 24. Re2 Qf8 25. Rde1 g4 26. Qc3 Qh6+ 27. Kc2 Rdd8 28. g3 Qg6 29. f4 Bf8 30. Qd3 Qb6 31. Be3 a5 32. Rb1 a4 33. b4 Re8 34. b5 Re4 35. Bf2 Rbe8 36. Rbe1 Qf6 37. Rxe4 fxe4 38. Rxe4 Rxe4 39. Qxe4 Qa1 40. Qe5 Qxa2+ 41. Kd1 Qxf2 42. Qg5+ Bg7 43. Qd8+ Bf8 44. Qg5+ Bg7 45. Qd8+ Bf8 46. Qg5+ 1/2-1/2

[Event "45th Olympiad 2024"]
[Site "Budapest HUN"]
[Date "2024.09.14"]
[Round "4.68"]
[Board "3"]
[White "Boggiano Pereira, Miguel A."]
[Black "Zaw, Ye Htut"]
[Result "1/2-1/2"]
[WhiteElo "2015"]
[BlackElo "1815"]
[PlyCount "85"]
[EventDate "2024.09.11"]
[WhiteTeam "Puerto Rico"]
[BlackTeam "Myanmar"]
[WhiteTeamCountry "PUR"]
[BlackTeamCountry "MYA"]

1. d4 d5 2. c4 e6 3. Nf3 c6 4. Qc2 f5 5. g3 Nf6 6. Bg2 Be7 7. O-O O-O 8. b3 Ne4 9. Nc3 Nd7 10. Nd2 ({RR} 10. a4 g5 11. Ba3 g4 12. Ne1 Rf6 13. f3 gxf3 14. exf3 Nd6 15. Nd3 dxc4 16. bxc4 Nxc4 17. Bxe7 Qxe7 18. Rae1 Qd6 19. Qf2 Ndb6 20. Ne5 Bd7 21. g4 f4 22. Ne4 Qe7 23. Nxf6+ Qxf6 24. a5 Nxa5 {1-0 Skatchkov,V (2211)-Kovalevsky,S (2114) Titled Tue 21st May Early 2024 (3)}) 10... Bd6 $146 ({RR} 10... Bg5 11. Ndxe4 fxe4 12. f4 Be7 13. Be3 Nf6 14. Rad1 Ng4 15. Qd2 Bb4 16. h3 Nxe3 17. Qxe3 Bxc3 {½-½ Stodola,Z-Tenk,P Svetla nad Sazavou op 1997 (7)}) ({RR} 10... Bf6 11. e3 Nxc3 12. Qxc3 e5 13. Ba3 Re8 14. cxd5 exd4 15. exd4 c5 16. Bxc5 Nxc5 17. Qxc5 b6 18. Qc4 Qd6 19. Rac1 Bd7 20. Qc7 Qxc7 21. Rxc7 Bb5 22. Rfc1 Bxd4 23. d6 Rad8 24. Bd5+ Kf8 {1-0 Aoiz Linares,J (2310)-Tosan Pereira,F Catalunya-ch 1994}) 11. e3 Qe7 12. Ne2 b6 13. f3 Nxd2 14. Bxd2 Nf6 15. e4 e5 16. Rae1 exd4 17. exd5 Qc7 18. dxc6 Rd8 19. Nf4 Qxc6 20. Nd3 Bb7 21. Bg5 Rf8 22. Nf4 Bxf4 23. Bxf4 Nh5 24. Be5 Rad8 25. f4 Qd7 26. Bxb7 Qxb7 27. Rd1 Rd7 28. Rxd4 Rxd4 29. Bxd4 Qd7 30. Be5 Rd8 31. Qe2 Nf6 32. Bxf6 gxf6 33. Re1 Kf7 34. Qh5+ Kg7 35. Re3 Qd4 36. Qe2 Qa1+ 37. Kg2 Qc1 38. Rd3 Rxd3 39. Qxd3 Qb2+ 40. Kh3 Qxa2 41. Qd7+ Kg6 42. Qe8+ Kg7 43. Qe7+ 1/2-1/2

[Event "45th Olympiad 2024"]
[Site "Budapest HUN"]
[Date "2024.09.14"]
[Round "4.68"]
[Board "4"]
[White "Linn Phone Myat"]
[Black "Mejias Nunez, Rafael E."]
[Result "1/2-1/2"]
[WhiteElo "1763"]
[BlackElo "2026"]
[PlyCount "113"]
[EventDate "2024.09.11"]
[WhiteTeam "Myanmar"]
[BlackTeam "Puerto Rico"]
[WhiteTeamCountry "MYA"]
[BlackTeamCountry "PUR"]

1. e4 e5 2. Nf3 Nf6 3. Bc4 Nxe4 4. Nc3 Nc6 5. O-O Nd6 6. Bd5 Be7 7. Re1 e4 ({RR} 7... O-O 8. Bxc6 dxc6 9. Nxe5 Bf6 10. Nf3 Re8 11. h3 Bf5 12. d3 Qd7 13. Bf4 Rxe1+ 14. Qxe1 Re8 15. Qd2 h6 16. Re1 Nb5 17. Rxe8+ Qxe8 18. Nxb5 cxb5 19. c3 Qc6 20. Ne5 Qd5 21. d4 Qxa2 22. Qe2 {0-1 Bornholdt,J (2268)-Stoettner,L (2202) Titled Tue 6th Aug Late 2024 (5)}) 8. Nxe4 Nxe4 9. Rxe4 O-O 10. d3 $146 ({RR} 10. c3 Bf6 11. d4 d6 12. Bf4 Ne7 13. Bb3 Bf5 14. Re1 Ng6 15. Be3 Qd7 16. h3 Nh4 17. Nxh4 Bxh4 18. Qh5 Bf6 19. Bg5 Bg6 20. Qh4 Bxg5 21. Qxg5 {½-½ Berenyi,G (2230)-Siklosi,Z (2365) HUN-chT Hungary 1991}) 10... Nb4 11. Bb3 d5 12. Re1 Bg4 13. h3 Bxf3 14. Qxf3 c6 15. c3 Na6 16. d4 Bd6 17. Bd2 Nc7 18. Bc2 Re8 19. Qf5 g6 20. Qg4 Rxe1+ 21. Rxe1 Qf8 22. h4 Re8 23. Rxe8 Nxe8 24. Bg5 f5 25. Qe2 Ng7 26. c4 Qe8 27. Qxe8+ Nxe8 28. cxd5 cxd5 29. Bb3 Nc7 30. Bd8 Kg7 31. Bxc7 Bxc7 32. g3 Bb6 33. Bxd5 Bxd4 34. Bxb7 Bxb2 35. f4 Kf6 36. Bd5 h6 37. Kg2 g5 38. hxg5+ hxg5 39. fxg5+ Kxg5 40. Kf3 Be5 41. Be6 Kf6 42. Bc8 Kg5 43. Bd7 Kf6 44. Bc8 Bd6 45. g4 fxg4+ 46. Kxg4 Ke5 47. Kf3 Kd4 48. Be6 a5 49. a4 Kc3 50. Bd7 Kb4 51. Ke4 Bf8 52. Kd5 Bg7 53. Bb5 Bf8 54. Be8 Bg7 55. Bb5 Bf8 56. Be8 Bg7 57. Bb5 1/2-1/2

[Event "45th Olympiad 2024"]
[Site "Budapest HUN"]
[Date "2024.09.14"]
[Round "4.69"]
[Board "1"]
[White "Al-Hajiri, Bader"]
[Black "Oatlhotse, Providence"]
[Result "1-0"]
[WhiteElo "1947"]
[BlackElo "2239"]
[PlyCount "127"]
[EventDate "2024.09.11"]
[WhiteTeam "Kuwait"]
[BlackTeam "Botswana"]
[WhiteTeamCountry "KUW"]
[BlackTeamCountry "BOT"]

1. e4 c6 2. d4 d5 3. Nc3 dxe4 4. Nxe4 Nf6 5. Nxf6+ exf6 6. c3 Bd6 7. Bd3 O-O 8. Qc2 Re8+ 9. Ne2 h5 10. O-O h4 11. h3 Nd7 12. Bd2 Nf8 13. Rae1 Be6 14. Kh1 $146 ({RR} 14. f4 Rc8 15. f5 Bd7 16. c4 Nh7 17. Qd1 Ng5 18. Nc3 Bg3 19. Rxe8+ Bxe8 20. Qg4 Qb6 21. b3 Rd8 22. Ne2 Qc7 23. Bxg5 fxg5 24. f6 g6 25. Qxg5 Qd6 26. c5 Qf8 27. Bc4 Rd5 28. Bxd5 cxd5 {1-0 Maksimovic,B (2497)-Oparin,G (2671) Titled Tue 20th Feb Early 2024 (8)}) ({RR} 14. f4 Qc7 15. f5 Bd7 16. c4 b6 17. b4 c5 18. dxc5 bxc5 19. b5 Nh7 20. Nc3 Ng5 21. Nd5 Bh2+ 22. Kh1 Qd6 23. Rd1 Be5 24. Bxg5 fxg5 25. f6 Bd4 26. Bh7+ Kh8 27. fxg7+ Kxg7 28. Nf6 Re5 {1-0 Ivic,V (2582)-Bluebaum,M (2669) FIDE World Cup 2021 (3.1)}) ({RR} 14. Bf4 Rc8 15. Qd2 Ng6 16. Bxd6 Qxd6 17. a3 Rcd8 18. Qc2 Ne7 19. Kh1 c5 20. Rd1 f5 21. dxc5 Qxc5 22. Nd4 Bc8 23. Rfe1 g6 24. Qc1 Nc6 25. Rxe8+ Rxe8 26. Nxc6 Qxc6 27. Qf4 Be6 28. Qxh4 Bb3 {0-1 Nasuta,G (2558)-Kosteniuk,A (2471) EU-ch Online 2300+ Final 2020 (3)}) 14... Qd7 15. Ng1 c5 16. Be3 c4 17. Be2 Bc7 18. Bd2 b5 19. f4 Bf5 20. Qc1 Ng6 21. Bh5 Ne7 22. Bf3 Rad8 23. Be4 Bxe4 24. Rxe4 Nf5 25. Rxe8+ Rxe8 26. Re1 Ng3+ 27. Kh2 Ne4 28. Be3 g5 29. Ne2 Nf2 30. Bxf2 Rxe2 31. Rxe2 Bxf4+ 32. Qxf4 gxf4 33. Bxh4 Qd6 34. Kg1 b4 35. Be1 Kh7 36. Rf2 Qe7 37. Bd2 Qe4 38. Bxf4 Qb1+ 39. Kh2 Qxa2 40. Rd2 bxc3 41. bxc3 Qa5 42. d5 Qxc3 43. d6 Qa5 44. d7 Qd8 45. Kg1 c3 46. Rd5 c2 47. Kf1 a5 48. Bc1 a4 49. Ba3 Kg6 50. Ke2 f5 51. h4 Kf6 52. Kd2 Ke6 53. Rd6+ Ke5 54. Kxc2 Ke4 55. h5 Qb8 56. d8=Q Qb3+ 57. Kd2 Qe3+ 58. Kd1 Qb3+ 59. Ke2 Qe3+ 60. Kf1 Qf4+ 61. Kg1 Qe3+ 62. Kh1 Qxa3 63. Qe7+ Kf4 64. Rd4+ 1-0

[Event "45th Olympiad 2024"]
[Site "Budapest HUN"]
[Date "2024.09.14"]
[Round "4.69"]
[Board "2"]
[White "Notha, Moakofi"]
[Black "Al Ibrahim, Abdulrahman"]
[Result "1-0"]
[WhiteElo "1996"]
[BlackElo "1932"]
[PlyCount "179"]
[EventDate "2024.09.11"]
[WhiteTeam "Botswana"]
[BlackTeam "Kuwait"]
[WhiteTeamCountry "BOT"]
[BlackTeamCountry "KUW"]

1. e4 {ChessBase} e5 2. Nf3 Nc6 3. Bb5 a6 4. Ba4 Nf6 5. d4 exd4 6. e5 Ne4 7. O-O Be7 8. Nxd4 Nxd4 9. Qxd4 Nc5 10. Nc3 O-O 11. Be3 Nxa4 12. Qxa4 d6 13. Rad1 Bd7 14. Qb3 dxe5 15. Qxb7 Qc8 $146 ({RR} 15... Bd6 16. Qe4 Qe8 17. Rfe1 f5 18. Qf3 e4 19. Qe2 f4 20. Bc1 Qg6 21. Qxe4 Bf5 22. Qc4+ Kh8 23. Ne4 f3 24. Ng3 Rae8 25. Rxe8 Rxe8 26. gxf3 Bxc2 27. Rd4 Re1+ 28. Kg2 Rxc1 29. Qc6 h6 30. Rg4 {1-0 Martinez,D-Mason,J Match Mason-Martinez +4-3=2 1874 (3)}) 16. Qxc8 Bxc8 17. Nd5 Bd8 18. c4 Rb8 19. b3 f5 20. Ba7 Ra8 21. Bc5 Re8 22. Rd2 Be6 23. Rfd1 a5 24. Re2 c6 25. Nc3 Bf6 26. Na4 Red8 27. Red2 Rxd2 28. Rxd2 Rd8 29. Rxd8+ Bxd8 30. f3 Kf7 31. Kf2 g5 32. Ke2 h5 33. h3 Kf6 34. Bd6 Bc8 35. Nc5 Bb6 36. Nd3 Bd4 37. Bc5 Bc3 38. Nf2 Ba6 39. g4 hxg4 40. hxg4 a4 41. gxf5 Kxf5 42. Ne4 Ba5 43. Nd6+ Kf4 44. Be3+ Kg3 45. Ne4+ Kh4 46. Bxg5+ Kh5 47. Bf6 axb3 48. axb3 Bc7 49. Be7 Bb6 50. Bc5 Bd8 51. Bd6 Kg6 52. Bxe5 Kf5 53. Bd6 Bc8 54. Ke3 Ke6 55. f4 Bd7 56. Be5 Be8 57. Nc5+ Kf5 58. Nb7 Be7 59. Kd4 Ke6 60. c5 Bg6 61. Na5 Kd7 62. b4 Bh4 63. Kc3 Be1+ 64. Kb3 Bf7+ 65. Ka4 Bg6 66. Nb7 Bd3 67. Ka5 Bh4 68. Nd6 Be1 69. f5 Bh4 70. f6 Ke6 71. Bc3 Bg3 72. Ne8 Kf7 73. Nd6+ Ke6 74. Nb7 Bc7+ 75. Ka4 Bg6 76. Na5 Kd5 77. Be1 Be5 78. Bh4 Bf7 79. Nb7 Bg6 80. Nd8 Bf4 81. f7 Bh6 82. Be7 Bc2+ 83. Ka5 Bg6 84. f8=Q Bxf8 85. Bxf8 Bd3 86. Kb6 Bb5 87. Bd6 Ba4 88. Bh2 Bb5 89. Nf7 Kc4 90. Nd6+ 1-0